| 000 | 01099nam a2200277 a 4500 | ||
|---|---|---|---|
| 001 | vtls003021547 | ||
| 003 | MY-SjTCS | ||
| 005 | 20200226120754.0 | ||
| 008 | 110218s2005 njua 001 0 eng d | ||
| 020 | _a0131273892 (International ed.) | ||
| 020 | _a0131467263 (CD-ROM) | ||
| 039 | 9 |
_a201102181247 _bVLOAD _c201102181246 _dVLOAD _y200503281606 _zpushpa |
|
| 082 | 0 | 4 |
_a658.3 _bMON |
| 100 | 1 |
_aMondy, R. Wayne, _d1940- _919008 |
|
| 245 | 1 | 0 |
_aHuman resource management / _cR. Wayne Mondy, Robert M. Noe ; in collaboration with Judy Bandy Mondy. |
| 250 | _a9th ed. | ||
| 260 |
_aUpper Saddle River, NJ : _bPearson Prentice Hall, _cc2005. |
||
| 300 |
_axxviii, 527 p : _bill ; _c28 cm + _e1 CD-ROM (4 3/4 in.) |
||
| 538 | _aSystem requirements for accompanying disc: Windows 98 (or higher) or Mac OS 9 (or higher). | ||
| 650 | 0 |
_aPersonnel management _zUnited States. _912227 |
|
| 650 | 0 | _aPersonnel management. | |
| 700 | 1 |
_aNoe, Robert M. _987498 |
|
| 700 | 1 |
_aMondy, Judy Bandy. _919009 |
|
| 700 | 1 |
_aGowan, Mary. _tHuman resource management skills. _987499 |
|
| 920 | _aTCHT : 665288, CD146 | ||
| 999 | _c170358 | ||